MODELLING of agricultural production : weather, soils, and crops

Bibliographic Details
Other Authors: Keulen, Wolf
Format: Book
Published: Wageningen [Netherlands] : Pudoc , 1986
Series:Simulation monographs
Subjects:

MARC

LEADER 00000cam a2200000 7i4500
001 0000002753
005 20040106.0
020 0 0 |a 9022008584 
090 0 0 |a 631.011   |b MOD 1986 
245 0 0 |a MODELLING of agricultural production :   |b weather, soils, and crops   |c [edited by] H. van Keulen and J. Wolf 
260 0 0 |a Wageningen [Netherlands] :   |b Pudoc ,   |c 1986 
300 |a x, 479 p. :   |b ill. ;   |c 23 cm. 
440 0 0 |a Simulation monographs 
500 0 0 |a Includes bibliography: p. 453-462 and index 
650 0 0 |a Agricultural productivity   |x Computer simulation 
650 0 0 |a Crop yields   |x Computer simulation 
650 0 0 |a Cropping systems   |x Computer simulation 
650 0 0 |a Crops and climate   |x Computer simulation 
650 0 0 |a Crops and soils   |x Computer simulation 
700 0 1 |a Keulen   |h H. van 
700 0 1 |a Wolf   |h J. 
998 |a JPSM 
999 |a 0000004420   |b Monograph   |c Open Shelf   |e Default branch